000 00574nam a2200229Ia 4500
008 210210b2011 xxu||||| |||| 00| 0 eng d
020 _a9788131604335
041 _aeng
082 _a820.9954 BANV
100 _aBANDE (Usha)
245 _aViolence in media and society:literature film and TV
260 _aJaipur
_bRawat Publications
_c2011
300 _avi,224
650 _aViolence
650 _aTV
650 _asociety:literature
650 _amedia
650 _afilm
690 _aEnglish Literature
700 _aKAUSHAL (Anshu) Ed
906 _a074193
999 _c123989
_d123989